[Event "Gibraltar U16 op"]
[Site "Caleta"]
[Date "2019.08.17"]
[Round "3"]
[White "Gough, Theo"]
[Black "Moughtin Leay, John"]
[Result "1-0"]
[WhiteElo "1474"]
[BlackElo "1215"]
[PlyCount "85"]
[EventDate "2019.08.16"]
[EventType "swiss"]
[EventRounds "6"]
[EventCountry "GGB"]
[SourceTitle "CBM 195 Extra"]
[Source "ChessBase"]
[SourceDate "2020.05.31"]
[SourceVersion "1"]
[SourceVersionDate "2020.05.31"]
[SourceQuality "1"]

1. e4 e5 2. Nf3 Nc6 3. Bc4 Bc5 4. c3 d6 5. a4 a6 6. 0-0 Nf6 7. b4 Bb6 8. d3 h6 9. Be3 Bxe3 10. fxe3 0-0 11. Nbd2 Be6 12. b5 Bxc4 13. Nxc4 Ne7 14. b6 c6 15. a5 Qd7 16. Nh4 Qg4 17. Qe1 Rad8 18. Rf3 Nxe4 19. dxe4 Qxe4 20. Nd2 Qd3 21. e4 Qb5 22. c4 Qb4 23. Rb3 Qc5+ 24. Qe3 Ng6 25. Nxg6 fxg6 26. Qxc5 dxc5 27. Nf3 Rf4 28. Re3 g5 29. g3 Rf6 30. Raa3 Re6 31. Rad3 Rdd6 32. Nd2 Rd4 33. Kf2 Rf6+ 34. Ke2 Kf7 35. Rxd4 cxd4 36. Rf3 g4 37. Rxf6+ Kxf6 38. Nb3 Ke6 39. Nc5+ Kd6 40. Nxb7+ Kd7 41. Nc5+ Kc8 42. Nxa6 Kb7 43. Nc5+ 1-0

[Event "Gibraltar U16 op"]
[Site "Caleta"]
[Date "2017.08.18"]
[Round "2"]
[White "Gutierrez Lupion, Daniel"]
[Black "Gough, Theo"]
[Result "1-0"]
[WhiteElo "1617"]
[BlackElo "1364"]
[PlyCount "55"]
[EventDate "2017.08.18"]
[EventType "swiss"]
[EventRounds "6"]
[EventCountry "GGB"]
[SourceTitle "CBM 180 Extra"]
[Source "ChessBase"]
[SourceDate "2017.10.06"]
[SourceVersion "1"]
[SourceVersionDate "2017.10.06"]
[SourceQuality "1"]

1. e4 b6 2. d4 Bb7 3. Nc3 e6 4. a3 Ne7 5. f4 d5 6. e5 Nd7 7. Nf3 c5 8. Be3 Nf5 9. Bf2 f6 10. Bd3 Be7 11. 0-0 0-0 12. Bxf5 exf5 13. e6 cxd4 14. Nxd4 Nc5 15. Nxf5 Nxe6 16. Re1 g6 17. Nxe7+ Qxe7 18. Nxd5 Qf7 19. Bg3 Rad8 20. c4 Bxd5 21. cxd5 Nc7 22. d6 Nb5 23. f5 gxf5 24. Re7 Qc4 25. Rc1 Qd4+ 26. Qxd4 Nxd4 27. Rcc7 Nb5 28. Rg7+ 1-0